Segundas jornadas de investigación de la Facultad de Ciencias Sociales, Universidad de Costa Rica /
Gardado en:
| Autor Principal: | |
|---|---|
| Formato: | Libro |
| Idioma: | Spanish |
| Etiquetas: |
Engadir etiqueta
Sen Etiquetas, Sexa o primeiro en etiquetar este rexistro!
|
MARC
| LEADER | 00000nam a22000007a 4500 | ||
|---|---|---|---|
| 003 | cru IIS | ||
| 005 | 20220722062545.0 | ||
| 007 | ta | ||
| 008 | 220721s2019 cr |||p|r|||| 00| 0 spa d | ||
| 040 | |c cru IIS | ||
| 100 | 1 | |a Martínez Herrera, Manuel |d 1956- |9 4714 | |
| 245 | |a Segundas jornadas de investigación de la Facultad de Ciencias Sociales, Universidad de Costa Rica / |c Manue Martínez Herrera | ||
| 300 | |a páginas 13-14 | ||
| 500 | |a Colección Centroamérica | ||
| 773 | 0 | |0 18728 |9 7622 |a Universidad de Costa Rica. |d San José, Costa Rica Editorial UCR 1959- |o 23629 |t Revista de Ciencias Sociales/ |x 04825276 | |
| 942 | |2 ddc |c PP | ||
| 999 | |c 44409 |d 44409 | ||
